Resilient reinstatement (Record no. 109523)
[ view plain ]
| 000 -LEADER | |
|---|---|
| fixed length control field | 01308cad a22002775a 4500 |
| 001 - CONTROL NUMBER | |
| control field | E147375 |
| 008 - FIXED-LENGTH DATA ELEMENTS--GENERAL INFORMATION | |
| fixed length control field | 090507s2009 xxk f 000 0 eng d |
| 020 ## - INTERNATIONAL STANDARD BOOK NUMBER | |
| International Standard Book Number | 9781903193435 |
| 035 ## - SYSTEM CONTROL NUMBER | |
| System control number | (Sirsi) u147375 |
| 041 0# - LANGUAGE CODE | |
| Language code of text/sound track or separate title | eng |
| 050 04 - LIBRARY OF CONGRESS CALL NUMBER | |
| Classification number | 627.4 $2 18 |
| 100 1# - MAIN ENTRY--PERSONAL NAME | |
| Personal name | Wassell, Peter |
| 245 00 - TITLE STATEMENT | |
| Title | Resilient reinstatement |
| Remainder of title | the costs of flood resilient reinstatement of domestic properties |
| Medium | [electronic resource] |
| 260 ## - PUBLICATION, DISTRIBUTION, ETC. | |
| Place of publication, distribution, etc. | London |
| Name of publisher, distributor, etc. | ABI |
| Date of publication, distribution, etc. | 2009 |
| 490 #0 - SERIES STATEMENT | |
| Series statement | ABI Research Paper |
| Volume/sequential designation | (14) 2009 |
| 520 ## - SUMMARY, ETC. | |
| Summary, etc. | Looks at the cost of carrying out changes to homes to make them more resilient to flooding, and whether such changes are a cost effective way of dealing with the threat of flooding. Concludes that, on average, reslient reinstatement costs over 40% more than traditional reinstatement, and that the benefits of such reinstatement need to be considered on a case-by-case basis. |
| 521 ## - TARGET AUDIENCE NOTE | |
| Target audience note | Advanced |
| 590 ## - LOCAL NOTE (RLIN) | |
| Local note | KA |
| 651 #4 - SUBJECT ADDED ENTRY--GEOGRAPHIC NAME | |
| Geographic name | United Kingdom |
| Chronological subdivision | |
| 690 ## - LOCAL SUBJECT ADDED ENTRY--TOPICAL TERM (OCLC, RLIN) | |
| Topical term or geographic name as entry element | ENVIRONMENTAL AND LAND CONSULTANCY-WATER RESOURCE MANAGEMENT-FLOODING |
| 700 1# - ADDED ENTRY--PERSONAL NAME | |
| Personal name | Ayton-Robinson, Richard |
| 700 1# - ADDED ENTRY--PERSONAL NAME | |
| Personal name | Robinson, David |
| 700 1# - ADDED ENTRY--PERSONAL NAME | |
| Personal name | Salkeld, Iain |
| 856 40 - ELECTRONIC LOCATION AND ACCESS | |
| Uniform Resource Identifier | <a href="https://www.abi.org.uk/BookShop/ResearchReports/20090423%20RR%20Report14%20(2).pdf">https://www.abi.org.uk/BookShop/ResearchReports/20090423%20RR%20Report14%20(2).pdf</a> |
| Public note | View the report free of charge at www.abi.org.uk... |
| 942 ## - ADDED ENTRY ELEMENTS (KOHA) | |
| Suppress in OPAC | 0 |
| Withdrawn status | Lost status | Source of classification or shelving scheme | Damaged status | Not for loan | Home library | Current library | Shelving location | Date acquired | Total Checkouts | Full call number | Barcode | Date last seen | Copy number | Price effective from | Koha item type |
|---|---|---|---|---|---|---|---|---|---|---|---|---|---|---|---|
| Dewey Decimal Classification | Virtual | Virtual | Online | 07/05/2009 | ONLINE PUBLICATION | 147375-2001 | 06/08/2019 | 1 | 06/08/2019 | Book |